[Event "Passau op 7th"]
[Site "Passau"]
[Date "1999.04.02"]
[Round "1"]
[White "Medunova, Vera"]
[Black "Vollmers, Otto"]
[Result "1-0"]
[WhiteElo "2170"]
[BlackElo "1721"]
[PlyCount "63"]
[EventDate "1999.04.02"]
[EventType "swiss"]
[EventRounds "7"]
[EventCountry "GER"]
[SourceTitle "EXT 2000"]
[Source "ChessBase"]
[SourceDate "1999.11.16"]
[SourceVersion "1"]
[SourceVersionDate "1999.11.16"]
[SourceQuality "1"]

1. e4 e6 2. d4 d5 3. Nc3 Nf6 4. Bd3 dxe4 5. Nxe4 Nbd7 6. Nf3 Be7 7. 0-0 0-0 8. Qe2 b6 9. Bg5 Bb7 10. Nxf6+ Nxf6 11. Rad1 Re8 12. c4 Nd7 13. Bxe7 Qxe7 14. Rfe1 Qf6 15. Be4 Bxe4 16. Qxe4 Qg6 17. Qc6 Red8 18. b3 Rac8 19. Rd2 Nf6 20. Ne5 Qg5 21. Qb7 Ng4 22. Nf3 Qf5 23. Rde2 Rb8 24. Qxa7 Ra8 25. Qb7 Rab8 26. Qc6 Rxd4 27. h3 Rd6 28. Qxc7 Rbd8 29. hxg4 Qxg4 30. Ne5 Qh5 31. g4 R8d7 32. Qxd7 1-0